Economy and environment : Case study in Vietnam

保存先:
書誌詳細
フォーマット: 図書
言語:Undetermined
出版事項: EEPSEA 1993
主題:
タグ: タグ追加
タグなし, このレコードへの初めてのタグを付けませんか!
Thư viện lưu trữ: Trung tâm Học liệu Trường Đại học Cần Thơ
LEADER 00499nam a2200169Ia 4500
001 CTU_149589
008 210402s9999 xx 000 0 und d
082 |a 330 
082 |b E19 
245 0 |a Economy and environment : 
245 0 |b Case study in Vietnam 
245 0 |c Herminia Francisco, David Glover 
260 |b EEPSEA 
260 |c 1993 
650 |a Economy and environment,Kinh tế và môi trường 
904 |i Nguyên 
980 |a Trung tâm Học liệu Trường Đại học Cần Thơ